000
00301 a2200145 4500
001
167100
020
_a
040
_c
Magnum
100
_a
Foulin, Jean-Noel
240
1
0
_a
Psicologia da educacao
_l
por
245
1
0
_a
Psicologia da educacao
362
0
_a
1899
697
_a
PSICOLOGIA
942
_c
BK
999
_c
167100
_d
167100